| 000 | 01648nam0a22003131 4500 | ||
|---|---|---|---|
| 001 | RU\NLR\A2\4612 | ||
| 005 | 20251203171251.9 | ||
| 035 | _a(NLR Aleph) 009858132 | ||
| 090 |
_a10373726 _c10373726 |
||
| 100 | _a19970205d1735 u y0rusy50 ca | ||
| 101 | 0 | _ager | |
| 102 | _aRU | ||
| 200 | 1 |
_aDen allersüssesten und kräfftigsten Trost der Gläubigen bey ihrem Abschiede aus der Welt, bey Beerdigung der weyland wohlgebohrnen Frauen Obristin Frauen Anna von Schlippenbach gebohrne von Wieburg, als dieselbe, nachdem sie dieses Zeitliche mit dem Ewigen durch einem sanfften Todt den 1. September des 1735ten Jahres abens um 8. Uhr verwechselt, den 5ten darauf bey hochansehnlicher Versammlung zu ihrer Ruhe-Städte auf den alter Kirch-Hoff gebracht worden, aus dem von der verstorbenen selbst erwehlten Leichen-Taxte Apoc. 7. v. 14, 15, 16, 17 _fVorgestellet von Eckhard Philipp Freyhold, Past. prim. bey der alten Kirche in der teutschen Slaboda vor Moscau |
|
| 210 |
_aSt. Petersburg [St.- Peterburg] _cGedruckt bey der Kayserl. Academie der Wissenschaften _d[1735] |
||
| 215 |
_a43 с. _d4° |
||
| 321 | 1 | _aСК XVIII(ин.) 1006 | |
| 600 | 1 |
_6z01690 _aSchlippenbach _bA. von _f-1735 _gAnna von |
|
| 620 | _dSt.- Peterburg | ||
| 690 | 1 |
_6z01600 _aWieburg _bA. von _gAnna von |
|
| 700 | 1 |
_aFreyhold _bE.P. _gEckard Philipp _4070 |
|
| 712 | 0 | 2 |
_aAkademie der Wissenschaften _cPetersburg _bDruckerei _4610 |
| 801 | 0 |
_aRU _bNLR _c19970205 |
|
| 852 |
_aNLR _bRossica _j13.21.2.15/3 |
||
| 942 | _cBOOK | ||
| 980 | _aNB | ||
| 980 | _aRossica | ||
| 980 | _ain18 | ||